Diccionario de ciencias sociales y políticas /

Guardado en:
Otros Autores: Di Tella, Torcuato, Chumbita, Hugo, Gamba, Susana, Gajardo, Paz
Formato: Libro
Idioma:Spanish
Publicado: Buenos Aires : Ariel, 2006
Edición:2a. ed.
Materias:
Etiquetas: Agregar Etiqueta
Sin Etiquetas, Sea el primero en etiquetar este registro!
LEADER 00613nam a22002055a 4500
001 DER.der002327
008 180615s2006####ag#||||||||||||||#||spa||
005 20251114145451.0
245 1 0 |a Diccionario de ciencias sociales y políticas /  |c Torcuato Di Tella, Hugo Chumbita, Susana Gamba 
250 |a 2a. ed. 
260 |a Buenos Aires :  |b Ariel,  |c 2006 
300 |a 776 p. 
020 |a 9509122866 
700 1 |a Di Tella, Torcuato 
700 1 |a Chumbita, Hugo 
700 1 |a Gamba, Susana 
700 1 |a Gajardo, Paz 
653 |a CIENCIAS POLITICAS 
653 |a DICCIONARIOS 
859 |a DERECHO  |b BIB. DERECHO  |h 320.03  |i DIC  |p 005460